Logo BPK

Biblioteka

Politechniki Koszalińskiej

Sprache im technischen Zeitalter : (Rekord nr 49936)

Szczegóły MARC
000 -ETYKIETA REKORDU
podpole kontrolne o stałej długości 00628nam a2200217 i 4500
001 - NUMER KONTROLNY REKORDU
pole kontrolne bgj
040 ## - ŹRÓDŁO KATALOGOWANIA
Instytucja, która utworzyła rekord BPK
041 0# - KOD JĘZYKA
Kod języka tekstu ger
044 ## - KOD KRAJU WYDAWCY/PRODUCENTA
Kod kraju wydawcy/producenta DEU
080 ## - UNIWERSALNA KLASYFIKACJA DZIESIĘTNA - UKD
UKD 81'1
008 - POLE O STAŁEJ DŁUGOŚCI - DANE KONTROLNE
podpole kontrolne o stałej długości s gw f |000 0 ger
245 10 - TYTUŁ/ODPOWIEDZIALNOŚĆ
Tytuł Sprache im technischen Zeitalter :
Ciąg dalszy tytułu Sonnendruck.
Pozostałe elementy strefy tytułu i oznaczenia odpowiedzialności hrsg. von Walter Höllerer und Norbert Miller.
Oznaczenie części/sekcji dzieła 51/1974 /
246 1# - WARIANT TYTUŁU
Tytuł Annoncen als literarisches und literaturwissenschaftliches Thema.
260 ## - STREFA ADRESU WYDAWNICZEGO
Nazwa wydawcy/dystrybutora Kohlhammer,
Data publikacji, dystrybucji/powstania dokumentu 1974.
300 ## - STREFA OPISU FIZYCZNEGO
Objętość S. 230-240
Rozmiary 24 cm.
650 9# - HASŁO PRZEDMIOTOWE W FORMIE NAZWY OGÓLNEJ LUB JEDNOSTKOWEJ
Nazwa ogólna lub geograficzna Językoznawstwo
700 1# - HASŁO DODATKOWE - NAZWA OSOBOWA
Nazwa osobowa HÖLLERER, Walter.
700 1# - HASŁO DODATKOWE - NAZWA OSOBOWA
Nazwa osobowa MILLER, Norbert.
700 1# - HASŁO DODATKOWE - NAZWA OSOBOWA
Nazwa osobowa RIHA, Karl.
942 ## - DODATKOWE ELEMENTY (KOHA)
Typ dokumentu Książka
Egzemplarze
Wycofany Status egzemplarza Uszkodzony Dostępność Lokalizacja stała Lokalizacja bieżąca Miejsce przechowywania Sygnatura Kod kreskowy Typ dokumentu
      Tylko na miejscu Biblioteka Politechniki Koszalińskiej Biblioteka Politechniki Koszalińskiej Czytelnia Wydziałowa ul. Kwiatkowskiego 6e S 2555 02438825 Książka
© 2023 Biblioteka Politechniki Koszalińskiej :: KOHA